| 000 | 00787nam a2200193 i 4500 | ||
|---|---|---|---|
| 001 | 166693 | ||
| 003 | ES-MaACL | ||
| 005 | 20250806063135.0 | ||
| 008 | 981002s1872 sp |||| | spa d | ||
| 100 | 1 |
_aTubino, Francisco María, _d1833-1888 _9111620 |
|
| 245 | 1 | 0 |
_aCervantes y el Quijote _b: estudios críticos / _cpor Francisco M. Tubino. |
| 260 |
_aMadrid : _bLibrería de A. Durán, _c1872. |
||
| 300 |
_aXII, 285 p. ; _c23 cm. |
||
| 530 | _aDisponible en formato digital. | ||
| 600 | 1 | 4 |
_aCervantes Saavedra, Miguel de, _d1547-1616. _tDon Quijote de la Mancha- _xCrítica e interpretación _937618 |
| 852 |
_aES-MaACL _jG-10644 _z- Enc. hol. |
||
| 856 |
_uhttp://bdh-rd.bne.es/viewer.vm?id=0000052573&page=1 _zBiblioteca Digital Hispánica |
||
| 999 |
_c166693 _d166693 |
||